[Event "Taastrup Quick Weekend 23th Basis 6"]
[Site "Taastrup"]
[Date "2016.05.20"]
[Round "3"]
[White "Trier, Alexander"]
[Black "Frost, Philip"]
[Result "0-1"]
[WhiteElo "1313"]
[BlackElo "1574"]
[PlyCount "78"]
[EventDate "2016.05.20"]
[EventType "tourn"]
[EventRounds "5"]
[EventCountry "DEN"]
[SourceTitle "EXT 2024"]
[Source "ChessBase"]
[SourceDate "2023.10.10"]
[SourceVersion "1"]
[SourceVersionDate "2023.10.10"]
[SourceQuality "1"]

1. d4 d6 2. e4 g6 3. Nf3 Bg7 4. c3 Nf6 5. Bd3 0-0 6. 0-0 Nbd7 7. Bg5 e5 8. d5 Nc5 9. b4 Nxd3 10. Qxd3 h6 11. Bh4 Qe8 12. Nbd2 Nh7 13. Qc4 g5 14. Bg3 c6 15. h4 g4 16. Nh2 Kh8 17. f3 h5 18. Qd3 f5 19. dxc6 Qxc6 20. fxg4 f4 21. Bf2 hxg4 22. g3 f3 23. Rfe1 b6 24. b5 Qc7 25. Nc4 Rd8 26. Qd5 Bb7 27. Qd3 Nf6 28. Nd2 Rd7 29. Be3 d5 30. exd5 Rxd5 31. Qf5 Qxc3 32. Nxg4 Nxg4 33. Qxg4 Rxd2 34. Bxd2 Qxd2 35. Qh3 f2+ 36. Kf1 fxe1Q+ 37. Rxe1 Rf8+ 38. Kg1 Qxe1+ 39. Kh2 Qh1# 0-1